Villes par tours célèbres - Statistiques

Statistiques générales
  • Ce quiz a été pris 802 fois
  • Le résultat moyen est 9 sur 18
Statistiques - réponses
Par images Réponse % Correct
Paris
100%
New York
98%
Pise
92%
Dubaï
89%
Las Vegas
83%
Londres
76%
Tokyo
73%
Kuala Lumpur
57%
Toronto
56%
Singapour
49%
Seattle
47%
Shanghai
34%
Pyongyang
26%
Taipei
26%
Téhéran
12%
Munich
9%
Canton
4%
Rabat
1%
Aucun quiz correspondant
Distribution des résultats
% des personnes avec chaque résultat
Percentile par nombre de réponses
Votre historique - résultats
Vous n’avez pas pris ce quiz